Применение симуляционных программ в обучении работников железной дороги; Информационные технологии в науке, управлении, социальной сфере и медицине; Ч. 1

Detaylı Bibliyografya
Parent link:Информационные технологии в науке, управлении, социальной сфере и медицине: сборник научных трудов IV Международной научной конференции, 5-8 декабря 2017 г., Томск/ Национальный исследовательский Томский политехнический университет (ТПУ).— , 2017
Ч. 1.— 2017.— [С. 297-298]
Yazar: Михалев М. А.
Özet:Заглавие с титульного экрана
Describes the advantages of such interactive forms of training, like simulators. A review of the trainer of the locomotive. Describes the characteristics, advantages and disadvantages of the simulator. The comments made about the vector of development of simulation programs.
Dil:Rusça
Baskı/Yayın Bilgisi: 2017
Seri Bilgileri:Информационные технологии в образовании. Электронное обучение
Konular:
Online Erişim:http://earchive.tpu.ru/handle/11683/46271
Materyal Türü: Elektronik Kitap Bölümü
KOHA link:https://koha.lib.tpu.ru/cgi-bin/koha/opac-detail.pl?biblionumber=626066

MARC

LEADER 00000naa2a2200000 4500
001 626066
005 20231101133407.0
035 |a (RuTPU)RU\TPU\conf\25362 
035 |a RU\TPU\conf\25361 
090 |a 626066 
100 |a 20180202d2017 k y0rusy50 ca 
101 0 |a rus  |d eng 
102 |a RU 
105 |a y z 101zy 
135 |a drgn ---uucaa 
181 0 |a i  
182 0 |a b 
200 1 |a Применение симуляционных программ в обучении работников железной дороги  |d The usage of simulation programs in the training of railway workers  |f М. А. Михалев 
203 |a Текст  |c электронный 
225 1 |a Информационные технологии в образовании. Электронное обучение 
230 |a 1 компьютерный файл (pdf; 269 Kb) 
300 |a Заглавие с титульного экрана 
320 |a [Библиогр.: с. 298 (2 назв.)] 
330 |a Describes the advantages of such interactive forms of training, like simulators. A review of the trainer of the locomotive. Describes the characteristics, advantages and disadvantages of the simulator. The comments made about the vector of development of simulation programs. 
461 1 |0 (RuTPU)RU\TPU\conf\25267  |t Информационные технологии в науке, управлении, социальной сфере и медицине  |o сборник научных трудов IV Международной научной конференции, 5-8 декабря 2017 г., Томск  |o в 2 ч.  |f Национальный исследовательский Томский политехнический университет (ТПУ)   |d 2017 
463 1 |0 (RuTPU)RU\TPU\conf\25268  |t Ч. 1  |f Национальный исследовательский Томский политехнический университет (ТПУ) ; ред. кол. О. Г. Берестнева ; А. А. Мицель ; Т. А. Гладкова  |v [С. 297-298]  |d 2017 
510 1 |a The usage of simulation programs in the training of railway workers  |z eng 
610 1 |a электронные ресурсы 
610 1 |a имитация 
610 1 |a системы 
610 1 |a железная дорога 
610 1 |a виртуальные тренажеры 
610 1 |a датчики 
700 1 |a Михалев  |b М. А. 
801 2 |a RU  |b 63413507  |c 20180321  |g RCR 
856 4 |u http://earchive.tpu.ru/handle/11683/46271 
942 |c BK